|
|
|
|
| LEADER |
01085cam a2200289 7i4500 |
| 001 |
0000034290 |
| 005 |
20170509090000.0 |
| 006 |
## mgq z f |
| 007 |
##cc cg# auaap |
| 008 |
170509 |
| 090 |
0 |
0 |
|a PHOT 210.03 M 2017 (DVD)
|
| 100 |
1 |
# |
|a Hazlinda Anwar
|e project officer
|
| 245 |
1 |
0 |
|a Trade Talk @MATRADE :
|b Doing Business with Egypt
|c Hazlinda Anwar.
|
| 264 |
3 |
0 |
|a Kuala Lumpur:
|b MATRADE,
|c 2017.
|
| 300 |
# |
# |
|a 1 DVD-RW (164 photographs):
|b illustration, color;
|c 4 <U+00BE> in..
|
| 336 |
# |
# |
|a still image
|b sti
|2 rdacontent
|
| 337 |
# |
# |
|a computer
|b c
|2 rdamedia
|
| 338 |
# |
# |
|a computer disc
|b cd
|2 rdacarrier
|
| 347 |
# |
# |
|a image file
|b JPEG
|2 rda
|
| 600 |
0 |
0 |
|a Wan Latiff Wan Musa
|
| 600 |
0 |
0 |
|a Marwa Hussien Morsi, Dr.
|e Marketing Director
|
| 600 |
0 |
0 |
|a Amr Abdul Halim
|e Commercial Counsellor of Egypt
|
| 600 |
0 |
0 |
|a Salah Mohi Eldin Elwassimy, H.S
|e Ambassador of Egypt
|
| 610 |
1 |
0 |
|a Egypt
|
| 650 |
# |
0 |
|a Seminar --
|x Doing Business --
|z Egypt
|
| 650 |
1 |
0 |
|a MATRADE --
|x Photograph Collections --
|y 2017
|
| 999 |
|
|
|a PC00001635
|b Photographs
|c Photographs
|e Business Information Centre
|